000 00521nam a2200145 a 4500
001 000027922
005 20200930031214.0
008 110405s1974 dr 000 0 spa d
040 _aDO-SdBNP
_bspa
_cBNPHU
100 1 _aMateo Martínez, Héctor
_954989
245 1 4 _aLas enfermedades coronarias :
_bconsejos de prevención /
_cHéctor Mateo Martínez ; prólogo Mairení Cabral Navarro.
260 _a[Santo Domingo ] :
_bEditora Offset Lyda,
_c[1974].
700 1 _aCabral Navarro, Mairení
_epról.
_954990
049 _aBNPD
999 _c27414
_d27414